Jeux vidéo en image - V - Statistiques

Statistiques générales
  • Ce quiz a été pris 54 fois
  • Le résultat moyen est 4 sur 20
Statistiques - réponses
Par images Réponse % Correct
Valorant
98%
Vampyr
36%
Valheim
33%
Vampire: The Masquerade – Bloodhunt
31%
VRchat
31%
Verdun
29%
Vanquish
20%
Viva Piñata
18%
Virtua Fighter 5 Ultimate Showdown
16%
Viewtiful Joe: Red Hot Rumble
11%
Visage
11%
Viscera Cleanup Detail
9%
Vagrant Story
7%
Valkyria Chronicles
7%
V-Rally 4
7%
Valkyrie Profile 2 Silmeria
4%
Volgarr the Viking
4%
Virtue s Last Reward
2%
Vandal Hearts 2
0%
Vulgus
0%
Aucun quiz correspondant
Distribution des résultats
% des personnes avec chaque résultat
Percentile par nombre de réponses
Votre historique - résultats
Vous n’avez pas pris ce quiz